Strategic advertising campaigns (Record no. 58472)

MARC details
000 -LEADER
fixed length control field 00577nam a2200169 a 4500
008 - FIXED-LENGTH DATA ELEMENTS--GENERAL INFORMATION
fixed length control field 120416s0000 ||||||||||||||||| || u
020 ## - INTERNATIONAL STANDARD BOOK NUMBER
International Standard Book Number 0844230898
050 ## - LIBRARY OF CONGRESS CALL NUMBER
Classification number HF 5821 Sch
100 ## - MAIN ENTRY--PERSONAL NAME
Personal name Schultz, Don E
245 10 - TITLE STATEMENT
Title Strategic advertising campaigns
250 ## - EDITION STATEMENT
Edition statement 2nd. ed.
260 ## - PUBLICATION, DISTRIBUTION, ETC.
Place of publication, distribution, etc. Lincolnwood, Ill.
Name of publisher, distributor, etc. NCT Business Books
Date of publication, distribution, etc. 1987
300 ## - PHYSICAL DESCRIPTION
Extent xii, 532p. : ill
350 ## - PRICE (NR) (BK AM CF MU VM SE) [OBSOLETE]
Price 0.00
700 ## - ADDED ENTRY--PERSONAL NAME
Personal name Brown, William P
995 ## - RECOMMENDATION 995 [LOCAL, UNIMARC FRANCE]
-- 0.00
-- CBU-MAIN LIBRARY (Kitwe)
-- 1
-- 34.95
-- 1
-- AVAILABLE
-- Main Library Open Access Collection
Holdings
Withdrawn status Lost status Source of classification or shelving scheme Damaged status Not for loan Home library Current library Shelving location Date acquired Total Checkouts Full call number Barcode Date last seen Price effective from Koha item type
          CBU-MAIN LIBRARY, KITWE. CBU-MAIN LIBRARY, KITWE.   11/30/2022   HF 5821 Sch 024896 11/30/2022 11/30/2022 MONOGRAPH